书目信息 |
| 题名: |
实用瓦工
|
|
| 作者: | 庞万泽 , 王绍德 编著 | |
| 分册: | ||
| 出版信息: | 哈尔滨 黑龙江科学技术出版社 1983 |
|
| 页数: | 240页 | |
| 开本: | 19cm | |
| 丛书名: | ||
| 单 册: | ||
| 中图分类: | TU754.2 | |
| 科图分类: | ||
| 主题词: | 建筑工程--各种 | |
| 电子资源: | ||
| ISBN: | ||
| 000 | 00706nam0 2200265 45 | |
| 001 | 0183004969 | |
| 005 | 20040514111010.7 | |
| 010 | @dCNY0.83 | |
| 091 | @a15217.093 | |
| 100 | @a19950512d1983 em y0chiy0121 ea | |
| 101 | 0 | @achi |
| 102 | @aCN@b230000 | |
| 105 | @ay z 000yy | |
| 106 | @ar | |
| 200 | 10 | @a实用瓦工@Ashi yong wa gong@f庞万泽, 王绍德编著 |
| 210 | @a哈尔滨@c黑龙江科学技术出版社@d1983 | |
| 215 | @a240页@d19cm | |
| 517 | 1 | @a瓦工@Awa gong |
| 606 | 0 | @a建筑工程@x各种 |
| 690 | @aTU754.2@v3 | |
| 701 | 0 | @a庞万泽@Apang wan ze@4编著 |
| 701 | 0 | @a王绍德@Awang shao de@4编著 |
| 801 | 0 | @aCN@b上海图书馆@c20040514 |
| 801 | 2 | @aCN@bNLC@c20040514 |
| 905 | @f1@b175153@dTU754.2@e128 | |
| 实用瓦工/庞万泽, 王绍德编著.-哈尔滨:黑龙江科学技术出版社,1983 |
| 240页;19cm |
| ISBN :CNY0.83 |
| ● |
| 相关链接 |
|
|
|
|
正题名:实用瓦工
索取号:TU754.2/128
 
预约/预借
| 序号 | 登录号 | 条形码 | 馆藏地/架位号 | 状态 | 备注 |
| 1 | 0175153 | 001484637 | 第三借阅区/ [索取号:TU754.2/128] | 在馆 | |
| 2 | 0175154 | 001484628 | 第二样本阅览室/ [索取号:TU754.2/128] | 在馆 |